Hydrocarbon compounds in marine sediments from the Gulf of Thailand /
محفوظ في:
| المؤلف الرئيسي: | |
|---|---|
| التنسيق: | أطروحة كتاب |
| اللغة: | English |
| منشور في: |
2004.
|
| الموضوعات: | |
| الوسوم: |
إضافة وسم
لا توجد وسوم, كن أول من يضع وسما على هذه التسجيلة!
|
| LEADER | 00854cam a2200241 a 4500 | ||
|---|---|---|---|
| 001 | u725645 | ||
| 003 | SIRSI | ||
| 005 | 200608071208 | ||
| 008 | 060807s2004 my t 000 0 eng m | ||
| 040 | |a UMM | ||
| 043 | |a a-th--- | ||
| 090 | |a QD3 |b UM 2004 Won | ||
| 100 | 1 | 0 | |a Wong, Kang Ying |
| 245 | 1 | 0 | |a Hydrocarbon compounds in marine sediments from the Gulf of Thailand / |c Wong Kang Ying. |
| 260 | |c 2004. | ||
| 300 | |a x, 191 leaves : |b ill. ; |c 30 cm. | ||
| 502 | |a Dissertation (M.Sc.) -- Jabatan Kimia, Fakulti Sains, Universiti Malaya, 2005. | ||
| 504 | |a Bibliography: leaves 142-163. | ||
| 650 | 0 | |a Hydrocarbons |z Thailand. | |
| 650 | 0 | |a Marine sediments |z Thailand. | |
| 710 | |a Universiti Malaya. |b Jabatan Kimia. | ||
| 596 | |a 1 | ||
| 999 | |a QD3 UM 2004 WON |w LC |c 1 |i A511904255 |d 17/8/2009 |e 17/8/2009 |f 18/8/2006 |g 1 |l STACKS |m P01UTAMA |n 1 |r Y |s Y |t TESIS |u 18/8/2006 | ||
